00359pab a2200145 454500008004000000100001500040245005100055260000900106300001700115362000800132650001700140700002400157700001600181773001600197180718b2009 xxu||||| |||| 00| 0 eng d aShakuntala aChild labour: problems and policy implications c2009 ap.13-18, 23. aMay aChild labour aDalwai, Magdalin B. aShettar, C. aSocial Work